01289nam a2200337 i 4500001000300000003000900003005001700012008003900029015001700068035002100085040003500106041000800141080001900149080001000168080001200178100003800190245011600228260004300344300002100387380001700408490008200425500004900507650003500556650003600591650002800627658002800655650001600683830007200699830008200771856009800853bgKOSZ 00520250624063525.0990506s1982 pl f |000 0 pol aPB 1984/2610 a(OCoLC)830238133 aWA NcKOSZ 005/HRdKOSZ 005/HR0 apol a669.2.017/.018 a620.1 a629.7531 aŁunarski, Jerzyd(1937- )eAutor10aWłaściwości fizyczne i użytkowe stopów tytanu po procesie nagniatania dynamicznego /cJerzy Łunarski. aRzeszów :bPR,c1982e(Rzesz :fPR). a233 s. ;c21 cm. aKsiążki.1 aRozprawy / Politechnika Rzeszowska im. Ignacego Łukasiewicza. Prace Własne. aISSN i numeracja serii gł.: 0208-8096 ; 35. 4aSamolotyxmateriałyxbadanie. 4aStopy (metalurg.)xtechnologia. 4aTytan (chem.)xbadanie. aInżynieria i technika 4aNagniatanie 0aRozprawy - Politechnika Rzeszowska im. Ignacego Łukasiewicza,v35. 0aRozprawy - Politechnika Rzeszowska im. Ignacego Łukasiewicza.pPrace Własne uhttp://koha.tu.koszalin.pl/cgi-bin/koha/opac-detail.pl?biblionumber=20544yKatalog online BPK